[Event "4NCL 3 North pool B"]
[Site "Wakefield, ENG ENG"]
[Date "2015.11.15"]
[Round "2.97"]
[White "Yee, John Y"]
[Black "Hamer, Martyn"]
[Result "0-1"]
[WhiteElo "1795"]
[BlackElo "2073"]
[PlyCount "100"]
[EventDate "2015.11.15"]
[WhiteTeam "Cheddleton 3"]
[BlackTeam "Manchester Manticores 1"]

1. e4 e6 2. d4 d5 3. Nd2 c5 4. Bb5+ Bd7 5. Bxd7+ Nxd7 6. c3 cxd4 7. cxd4 dxe4
8. Nxe4 Ngf6 9. Nxf6+ Nxf6 10. Nf3 Bb4+ 11. Bd2 Qa5 12. O-O Bxd2 13. Qxd2 Qxd2
14. Nxd2 Rc8 15. Rac1 Ke7 16. h3 Rhd8 17. Nf3 Nd5 18. Rfd1 f6 19. a3 Nf4 20.
Kf1 g5 21. Rc3 Rxc3 22. bxc3 Rc8 23. Rc1 b5 24. Nd2 h6 25. Nb3 Kd6 26. Nc5 Kd5
27. Re1 Rc6 28. g3 Nxh3 29. Kg2 g4 30. f4 h5 31. Re3 h4 32. gxh4 Nxf4+ 33. Kg3
e5 34. Kxg4 Ne6 35. Nxe6 Kxe6 36. dxe5 Rc4+ 37. Kg3 fxe5 38. h5 Kf6 39. h6 a6
40. Kf2 Rh4 41. Ke2 Rxh6 42. Kd3 Rh4 43. Rf3+ Ke6 44. Rg3 Ra4 45. Rg6+ Kd5 46.
Rg8 Rxa3 47. Rd8+ Kc6 48. Ke4 Kc7 49. Rd3 a5 50. Kxe5 b4 0-1

[Event "4NCL 3 North pool B"]
[Site "Wakefield, ENG ENG"]
[Date "2015.11.15"]
[Round "2.98"]
[White "Newton, Robert A"]
[Black "Grzybowski, Karol"]
[Result "0-1"]
[WhiteElo "2103"]
[BlackElo "1742"]
[PlyCount "74"]
[EventDate "2015.11.15"]
[WhiteTeam "Manchester Manticores 1"]
[BlackTeam "Cheddleton 3"]

1. d4 b5 2. a4 b4 3. c4 e6 4. b3 Bb7 5. Nd2 Nf6 6. Qc2 c5 7. e3 Qc7 8. Ngf3 d6
9. Bb2 Nbd7 10. Bd3 a5 11. O-O Be7 12. Rad1 h6 13. Ne4 Nxe4 14. Bxe4 Nf6 15.
Bxb7 Qxb7 16. Nd2 Qb6 17. h3 O-O 18. Kh1 Rac8 19. Qd3 d5 20. f4 Rfd8 21. Rf3
Qb7 22. cxd5 exd5 23. dxc5 Ne4 24. Kh2 Bxc5 25. Nxe4 dxe4 26. Qxd8+ Rxd8 27.
Rxd8+ Kh7 28. Rg3 f6 29. Bxf6 gxf6 30. Rgg8 Qf7 31. Rde8 h5 32. g3 Bxe3 33. h4
Bd4 34. Rgf8 Qg7 35. Rd8 Bf2 36. g4 e3 37. Rde8 Qxg4 0-1

[Event "4NCL 3 North pool B"]
[Site "Wakefield, ENG ENG"]
[Date "2015.11.15"]
[Round "2.99"]
[White "Edwards, Roger J"]
[Black "Whitehead, Mark A"]
[Result "1/2-1/2"]
[WhiteElo "1780"]
[BlackElo "1990"]
[PlyCount "55"]
[EventDate "2015.11.15"]
[WhiteTeam "Cheddleton 3"]
[BlackTeam "Manchester Manticores 1"]

1. e4 c5 2. Nc3 Nc6 3. Bb5 g6 4. f4 Bg7 5. Bxc6 bxc6 6. Nf3 d6 7. O-O e6 8. d3
Ne7 9. Qe1 O-O 10. Qh4 f5 11. e5 d5 12. Ne2 d4 13. b3 Nd5 14. Qxd8 Rxd8 15. a3
a5 16. Bd2 Bd7 17. c4 dxc3 18. Nxc3 Bc8 19. Na4 Bf8 20. Rfc1 Ba6 21. Nxc5 Bxc5+
22. Rxc5 Bxd3 23. Rxc6 Be4 24. Rxe6 Nc7 25. Rd6 Rdb8 26. Nd4 Nb5 27. Nxb5 Rxb5
28. Kf2 1/2-1/2

[Event "4NCL 3 North pool B"]
[Site "Wakefield, ENG ENG"]
[Date "2015.11.15"]
[Round "2.100"]
[White "Reed, John"]
[Black "Emmerton, Stephen J"]
[Result "1-0"]
[WhiteElo "1998"]
[BlackElo "1690"]
[PlyCount "89"]
[EventDate "2015.11.15"]
[WhiteTeam "Manchester Manticores 1"]
[BlackTeam "Cheddleton 3"]

1. d4 Nf6 2. c4 e5 3. dxe5 Ng4 4. Bf4 Nc6 5. Nf3 Bb4+ 6. Nbd2 Qe7 7. e3 Ngxe5
8. Nxe5 Nxe5 9. Be2 O-O 10. O-O Bxd2 11. Qxd2 d6 12. Rfd1 b6 13. b4 Bb7 14. c5
dxc5 15. bxc5 Rad8 16. Qc3 Ng6 17. Bg3 Nh4 18. c6 Bc8 19. Qe5 Be6 20. Qxc7 Qxc7
21. Bxc7 Rc8 22. Bg3 Nf5 23. Bf3 Nxg3 24. hxg3 Rc7 25. Rd4 g5 26. g4 f5 27.
gxf5 Bxf5 28. Bd5+ Kg7 29. e4 Bg6 30. f3 Kf6 31. Kf2 Ke5 32. Ke3 Rd8 33. g3 Rf8
34. Rf1 Be8 35. f4+ gxf4+ 36. gxf4+ Kd6 37. e5+ Ke7 38. Rc4 Rf5 39. Rg1 Kd8 40.
Be4 Rh5 41. f5 Rh3+ 42. Kd4 Rh4 43. Rg8 Ke7 44. f6+ Kd8 45. e6 1-0

[Event "4NCL 3 North pool B"]
[Site "Wakefield, ENG ENG"]
[Date "2015.11.15"]
[Round "2.105"]
[White "Trueman, Glenn"]
[Black "Kolbus, Dietmar"]
[Result "1/2-1/2"]
[WhiteElo "2020"]
[BlackElo "2314"]
[PlyCount "60"]
[EventDate "2015.11.15"]
[WhiteTeam "Manchester Manticores 2"]
[BlackTeam "Manx Ravens"]

1. d4 f5 2. h3 d5 3. Bf4 Nf6 4. e3 e6 5. Nf3 Bd6 6. Ne5 O-O 7. Nd2 Nfd7 8. Nd3
Qe7 9. c3 c6 10. Bxd6 Qxd6 11. Nf3 Nf6 12. Be2 Ne4 13. O-O Nd7 14. Nde5 Ndf6
15. c4 dxc4 16. Nxc4 Qe7 17. Nfe5 c5 18. dxc5 Qxc5 19. Rc1 b5 20. Nd3 Qe7 21.
Na5 a6 22. Ne5 Bb7 23. Nec6 Bxc6 24. Nxc6 Qb7 25. Qb3 Rfe8 26. Rfd1 Rac8 27.
Nd4 Nd2 28. Qb4 Nde4 29. Qb3 Nd2 30. Qb4 Nde4 1/2-1/2

[Event "4NCL 3 North pool B"]
[Site "Wakefield, ENG ENG"]
[Date "2015.11.15"]
[Round "2.106"]
[White "Fabri, Henrik"]
[Black "Flores, Marcial"]
[Result "0-1"]
[WhiteElo "2019"]
[BlackElo "2013"]
[PlyCount "152"]
[EventDate "2015.11.15"]
[WhiteTeam "Manx Ravens"]
[BlackTeam "Manchester Manticores 2"]

1. d4 Nf6 2. Nf3 e6 3. c4 d5 4. Nc3 Be7 5. Bg5 c6 6. e3 O-O 7. Rc1 Nbd7 8. Bd3
Re8 9. O-O h6 10. Bh4 Nf8 11. c5 N6d7 12. Bg3 Bf6 13. e4 dxe4 14. Nxe4 Ng6 15.
Nd6 Re7 16. Bxg6 fxg6 17. Ne5 Bxe5 18. dxe5 b6 19. Qg4 Nf8 20. Rfd1 Qc7 21. Qe4
Bb7 22. Rc3 b5 23. f4 a5 24. Bh4 Rd7 25. g4 Ba6 26. Bf2 b4 27. Rg3 Rad8 28. h4
Rf7 29. Be3 Re7 30. Rg2 Rb8 31. h5 gxh5 32. gxh5 Nd7 33. Qg6 Rf8 34. Rdd2 Kh8
35. Rg4 a4 36. Bf2 Qa5 37. Qc2 b3 38. axb3 axb3 39. Qc1 Qb4 40. Rd4 Qxc5 41.
Qd2 Qc2 42. Bh4 Nxe5 43. fxe5 c5 44. Bf6 Qxd2 45. Rxd2 gxf6 46. Rdg2 Bd3 47.
exf6 Rxf6 48. Rg8+ Kh7 49. Rd8 e5 50. Nc8 Rc7 51. Rgg8 Bc4 52. Rh8+ Kg7 53.
Rhe8 Rf5 54. Nd6 Rg5+ 55. Kf2 Bf7 56. Ke3 Rxh5 57. Ke4 Bg6+ 58. Kd5 e4+ 59. Ke6
Bxe8 60. Nxe8+ Kg6 61. Nxc7 Rh2 62. Rg8+ Kh7 63. Rg4 h5 64. Rxe4 Rxb2 65. Nd5
Rc2 66. Re5 b2 67. Rxh5+ Kg7 68. Ne3 Re2 69. Rh1 Rxe3+ 70. Kd5 Rc3 71. Rb1 Rc2
72. Rg1+ Kf6 73. Rb1 c4 74. Kd4 c3 75. Rf1+ Ke6 76. Kd3 Rc1 0-1

[Event "4NCL 3 North pool B"]
[Site "Wakefield, ENG ENG"]
[Date "2015.11.15"]
[Round "2.107"]
[White "Lyth, John D"]
[Black "Gumireddy, Sanjay Savio"]
[Result "1/2-1/2"]
[WhiteElo "1938"]
[BlackElo "1930"]
[PlyCount "136"]
[EventDate "2015.11.15"]
[WhiteTeam "Manchester Manticores 2"]
[BlackTeam "Manx Ravens"]

1. d4 e6 2. Nf3 f5 3. g3 Nf6 4. Bg2 Be7 5. O-O O-O 6. c4 d6 7. Nc3 Qe8 8. Re1
Qg6 9. e4 fxe4 10. Nxe4 Nxe4 11. Rxe4 Nc6 12. Qe2 Bf6 13. Bf4 d5 14. cxd5 exd5
15. Re3 Bg4 16. Qd2 Bxf3 17. Bxf3 Rad8 18. Rd3 Rf7 19. Bg2 Qf5 20. Be3 Ne7 21.
Rb3 b6 22. Rc1 Nc8 23. Qc2 Qg4 24. Qd3 Qh5 25. Qd1 Qf5 26. Qf3 Qxf3 27. Bxf3
Be7 28. Bg4 c5 29. Be6 c4 30. Rbc3 b5 31. Bf4 Kf8 32. Bxf7 Kxf7 33. Rf3 Ke8 34.
Re1 Kd7 35. Be5 Rf8 36. Rxf8 Bxf8 37. Kf1 a5 38. Re3 Na7 39. Ke2 Nc6 40. Rf3
Ke8 41. Re3 Kd7 42. Rf3 Ke8 43. Kd1 b4 44. g4 a4 45. Rh3 h6 46. Rf3 Na5 47.
Rxf8+ Kxf8 48. Bd6+ Kf7 49. Bxb4 Nc6 50. Bc5 g5 51. Kd2 Kg6 52. Ke3 Nd8 53. Kd2
Nc6 54. Kc3 Kf7 55. Bd6 Kg6 56. f4 gxf4 57. Bxf4 h5 58. gxh5+ Kxh5 59. Bd6 Kg4
60. Be5 Kf5 61. Bh8 Kg4 62. Bg7 Kf5 63. Bf8 Ke4 64. Bg7 Kf5 65. Bf8 Nd8 66. Bg7
Nc6 67. Bf8 Nd8 68. Bg7 Nc6 1/2-1/2

[Event "4NCL 3 North pool B"]
[Site "Wakefield, ENG ENG"]
[Date "2015.11.15"]
[Round "2.108"]
[White "Dobson, Howard EJ"]
[Black "Collins, Richard A"]
[Result "1/2-1/2"]
[WhiteElo "1802"]
[BlackElo "1953"]
[PlyCount "34"]
[EventDate "2015.11.15"]
[WhiteTeam "Manx Ravens"]
[BlackTeam "Manchester Manticores 2"]

1. d4 Nf6 2. Nf3 g6 3. b3 Bg7 4. Bb2 O-O 5. Nbd2 d6 6. g3 b6 7. Bg2 Bb7 8. O-O
Nbd7 9. c4 e6 10. Qc2 c5 11. e4 Qc7 12. d5 exd5 13. exd5 Rfe8 14. Rfe1 Rxe1+
15. Rxe1 Re8 16. Rxe8+ Nxe8 17. Bxg7 Nxg7 1/2-1/2

[Event "4NCL 3 North pool B"]
[Site "Wakefield, ENG ENG"]
[Date "2015.11.15"]
[Round "2.109"]
[White "Tyton, Adam"]
[Black "Bibby, Liam"]
[Result "1-0"]
[WhiteElo "1923"]
[BlackElo "1705"]
[PlyCount "61"]
[EventDate "2015.11.15"]
[WhiteTeam "Manchester Manticores 2"]
[BlackTeam "Manx Ravens"]

1. e4 e5 2. Nf3 Nf6 3. Nc3 Nc6 4. Bb5 d6 5. h3 Be7 6. d4 exd4 7. Nxd4 Bd7 8.
Nxc6 bxc6 9. Bd3 O-O 10. O-O Rb8 11. b3 c5 12. Bb2 Bc6 13. Qe2 Re8 14. Rad1 Nd7
15. f4 Bf6 16. Qf3 Bd4+ 17. Kh1 f5 18. Bc4+ Kh8 19. Qg3 fxe4 20. Rxd4 cxd4 21.
Ne2 Nf6 22. Nxd4 Bd7 23. Ne2 d5 24. Bxd5 c6 25. Bc4 Be6 26. Bxe6 Rxe6 27. Nd4
Rd6 28. Nf5 Rd7 29. Kh2 Qa5 30. Nxg7 Qd8 31. Nh5 1-0

[Event "4NCL 3 North pool B"]
[Site "Wakefield, ENG ENG"]
[Date "2015.11.15"]
[Round "2.110"]
[White "Griffin, John"]
[Black "Potter, Steven"]
[Result "0-1"]
[WhiteElo "1622"]
[BlackElo "1908"]
[PlyCount "56"]
[EventDate "2015.11.15"]
[WhiteTeam "Manx Ravens"]
[BlackTeam "Manchester Manticores 2"]

1. e4 b6 2. Bc4 e6 3. Nc3 Bb4 4. Nge2 Bb7 5. a3 Bxc3 6. Nxc3 Nf6 7. d3 Nc6 8.
Bg5 h6 9. Bh4 Ne5 10. Bb3 Ng6 11. Bg3 a6 12. Qe2 O-O 13. h4 d5 14. h5 Ne7 15.
e5 Nh7 16. d4 Nf5 17. Qd3 c5 18. dxc5 bxc5 19. Ba4 d4 20. Ne4 Bxe4 21. Qxe4
Qa5+ 22. b4 Qxa4 23. O-O Ng5 24. Qd3 Nxg3 25. fxg3 cxb4 26. Qxd4 Qxc2 27. axb4
Rfd8 28. Qg4 Rd2 0-1

[Event "4NCL 3 North pool B"]
[Site "Wakefield, ENG ENG"]
[Date "2015.11.15"]
[Round "2.115"]
[White "Bak, Andrew"]
[Black "Robertson, David J"]
[Result "1-0"]
[WhiteElo "2026"]
[BlackElo "2125"]
[PlyCount "145"]
[EventDate "2015.11.15"]
[WhiteTeam "Bradford DCA Knights B"]
[BlackTeam "Spirit of Atticus B"]

1. e4 c5 2. Nf3 e6 3. d4 cxd4 4. Nxd4 Nc6 5. c4 Qc7 6. Nc3 a6 7. g3 Nf6 8. Bg2
Bb4 9. Nde2 O-O 10. O-O b6 11. Bg5 Be7 12. Rc1 d6 13. Bxf6 Bxf6 14. Nd5 Qb8 15.
Nxf6+ gxf6 16. Nf4 e5 17. Nh5 Nd4 18. Nxf6+ Kg7 19. f4 Kxf6 20. fxe5+ Kg7 21.
Qxd4 dxe5 22. Qe3 f6 23. c5 bxc5 24. b3 Be6 25. Rxc5 Qa7 26. Rfc1 Rfc8 27. Kf2
Rxc5 28. Qxc5 a5 29. Qxa7+ Rxa7 30. Bf1 a4 31. Bc4 Bxc4 32. bxc4 Kf7 33. Ke3
Ke7 34. c5 Kd7 35. c6+ Kc7 36. Rc4 a3 37. Kd3 Ra5 38. Rc3 Ra4 39. Rc4 Ra8 40.
Kc3 Rd8 41. Ra4 Kxc6 42. Rxa3 Kb6 43. Rb3+ Kc6 44. a4 Rd1 45. a5 Ra1 46. Kb4
Re1 47. Rc3+ Kb7 48. a6+ Kxa6 49. Rc6+ Kb7 50. Rxf6 Rxe4+ 51. Kc5 h5 52. Rf7+
Kc8 53. Rh7 Re1 54. Rxh5 Kd7 55. Kd5 e4 56. Re5 Rh1 57. Kxe4 Rxh2 58. Kf4 Ra2
59. g4 Kd6 60. Re1 Kd7 61. g5 Ra6 62. Kf5 Ra2 63. g6 Rf2+ 64. Kg5 Rg2+ 65. Kh6
Rh2+ 66. Kg7 Rf2 67. Kg8 Rf3 68. g7 Rg3 69. Re4 Kd6 70. Kf7 Rf3+ 71. Kg6 Rg3+
72. Kf6 Kd7 73. Re5 1-0

[Event "4NCL 3 North pool B"]
[Site "Wakefield, ENG ENG"]
[Date "2015.11.15"]
[Round "2.116"]
[White "Latham, David"]
[Black "Jennings, Roger W"]
[Result "1-0"]
[WhiteElo "2094"]
[BlackElo "2088"]
[PlyCount "59"]
[EventDate "2015.11.15"]
[WhiteTeam "Spirit of Atticus B"]
[BlackTeam "Bradford DCA Knights B"]

1. d4 g6 2. e4 Bg7 3. c3 d6 4. Bd3 Nf6 5. Nf3 O-O 6. O-O Bg4 7. Nbd2 Nh5 8. h3
Nf4 9. Nc4 Bxf3 10. Qxf3 Nxd3 11. Qxd3 d5 12. exd5 Qxd5 13. Re1 Re8 14. Qe2 Nd7
15. Bf4 b5 16. Ne3 Qb7 17. a4 bxa4 18. Rxa4 Nb6 19. Ra6 e5 20. Bxe5 Bxe5 21.
dxe5 Rxe5 22. Rea1 Nd5 23. Qf3 c6 24. R6a5 Qe7 25. Nxd5 cxd5 26. Rxd5 Re1+ 27.
Rxe1 Qxe1+ 28. Kh2 Qe7 29. Rb5 a6 30. Qxa8+ 1-0

[Event "4NCL 3 North pool B"]
[Site "Wakefield, ENG ENG"]
[Date "2015.11.15"]
[Round "2.117"]
[White "Bak, Christopher"]
[Black "Phillips, David A"]
[Result "1/2-1/2"]
[WhiteElo "1975"]
[BlackElo "2027"]
[PlyCount "99"]
[EventDate "2015.11.15"]
[WhiteTeam "Bradford DCA Knights B"]
[BlackTeam "Spirit of Atticus B"]

1. e4 Nc6 2. Nf3 d6 3. d4 Nf6 4. Nc3 g6 5. Bc4 Bg7 6. O-O O-O 7. d5 Na5 8. Bd3
c5 9. Bg5 Bg4 10. Qc1 Rb8 11. Nd2 Bd7 12. a4 a6 13. Ra2 Ng4 14. Re1 Re8 15. Bf1
Qc7 16. Bh4 c4 17. Nd1 e6 18. h3 Nf6 19. Ne3 b5 20. axb5 axb5 21. Qa1 Nb7 22.
Ra7 h6 23. Bxf6 Bxf6 24. c3 Bg5 25. Qa6 Bxe3 26. Rxe3 exd5 27. g3 Red8 28. Bg2
Nc5 29. Qa1 Qc8 30. exd5 Bxh3 31. Ree7 Rf8 32. Bh1 Ra8 33. Nf3 Rxa7 34. Qxa7
Qa8 35. Kh2 Qxa7 36. Rxa7 Bf5 37. Nd4 Nd3 38. Nxb5 Rb8 39. Nxd6 Rxb2 40. Ra8+
Kg7 41. Nxf5+ gxf5 42. Kg1 Rb1+ 43. Kg2 f4 44. gxf4 Nxf4+ 45. Kh2 Rd1 46. Rc8
Nxd5 47. Rxc4 Rd2 48. Kg3 Rd3+ 49. Kg4 Nxc3 50. Be4 1/2-1/2

[Event "4NCL 3 North pool B"]
[Site "Wakefield, ENG ENG"]
[Date "2015.11.15"]
[Round "2.118"]
[White "Hall, John"]
[Black "Gardiner, Eric D"]
[Result "1/2-1/2"]
[WhiteElo "2087"]
[BlackElo "1944"]
[PlyCount "111"]
[EventDate "2015.11.15"]
[WhiteTeam "Spirit of Atticus B"]
[BlackTeam "Bradford DCA Knights B"]

1. c4 e5 2. Nc3 Nc6 3. e4 g6 4. Nge2 Bg7 5. d3 d6 6. g3 Be6 7. Bg2 Qd7 8. Nd5
Nce7 9. Be3 c6 10. Ndc3 Nf6 11. h3 d5 12. exd5 cxd5 13. cxd5 Nfxd5 14. Bc5 O-O
15. O-O Rfd8 16. Kh2 Nc6 17. Ne4 Ndb4 18. Bxb4 Nxb4 19. Nc5 Qe7 20. Nxb7 Rxd3
21. Qa4 Bd5 22. Na5 Bxg2 23. Kxg2 e4 24. Nc4 Rad8 25. Rad1 Rxd1 26. Rxd1 Rxd1
27. Qxd1 Nd3 28. b3 Qf6 29. Nf4 Nxf4+ 30. gxf4 Qxf4 31. Qg4 Be5 32. Qxf4 Bxf4
33. f3 f5 34. fxe4 fxe4 35. Kf2 Kf7 36. Na5 Ke6 37. Ke2 Kd5 38. Nc4 g5 39. Nb2
h5 40. Nd1 a6 41. Nf2 Kd4 42. a3 Bg3 43. Nd1 Bd6 44. b4 Bf4 45. Nf2 Be3 46. Nd1
Bc1 47. a4 g4 48. hxg4 hxg4 49. b5 axb5 50. axb5 g3 51. b6 Bf4 52. b7 Kc5 53.
Nc3 Kc6 54. Nxe4 Kxb7 55. Kf3 g2 56. Kxg2 1/2-1/2

[Event "4NCL 3 North pool B"]
[Site "Wakefield, ENG ENG"]
[Date "2015.11.15"]
[Round "2.119"]
[White "Barker, Arron"]
[Black "Johnson, Michael D"]
[Result "1-0"]
[WhiteElo "1915"]
[BlackElo "2019"]
[PlyCount "79"]
[EventDate "2015.11.15"]
[WhiteTeam "Bradford DCA Knights B"]
[BlackTeam "Spirit of Atticus B"]

1. c4 Nf6 2. Nc3 d5 3. d4 c6 4. Nf3 g6 5. cxd5 cxd5 6. Bf4 Nc6 7. e3 a6 8. Bd3
Bg4 9. O-O Bxf3 10. Qxf3 Bg7 11. Rac1 O-O 12. a3 e6 13. h3 Nd7 14. Bg3 Rc8 15.
Na4 Re8 16. Nc5 Nxc5 17. Rxc5 Bf8 18. Rcc1 Bd6 19. Bxd6 Qxd6 20. Qf6 Qe7 21.
Qf3 Rc7 22. Rc3 Rec8 23. Rfc1 Na5 24. Rxc7 Rxc7 25. Rxc7 Qxc7 26. Qd1 b5 27. a4
Qc6 28. axb5 axb5 29. Qd2 Nb7 30. Qb4 Nd6 31. b3 Kg7 32. Qc5 Qd7 33. Kf1 f5 34.
f3 Kf7 35. Ke2 Ke7 36. Kd2 Kd8 37. Kc3 Qc7 38. Kb4 Nb7 39. Qf8+ Kd7 40. Bxb5+
1-0

[Event "4NCL 3 North pool B"]
[Site "Wakefield, ENG ENG"]
[Date "2015.11.15"]
[Round "2.120"]
[White "Buckley, Colm"]
[Black "Slinger, Tony J"]
[Result "1-0"]
[WhiteElo "2012"]
[BlackElo "1926"]
[PlyCount "105"]
[EventDate "2015.11.15"]
[WhiteTeam "Spirit of Atticus B"]
[BlackTeam "Bradford DCA Knights B"]

1. d4 d5 2. c4 c6 3. e3 Nf6 4. Nc3 e6 5. Bd3 Nbd7 6. Nf3 Bd6 7. O-O dxc4 8.
Bxc4 b5 9. Bd3 Bb7 10. e4 e5 11. Bg5 a6 12. Kh1 h6 13. Bxf6 Qxf6 14. d5 c5 15.
b3 O-O 16. Qe2 Rfe8 17. Nd2 Nf8 18. Rfc1 g5 19. Nd1 Ng6 20. g3 Kg7 21. Ne3 Ne7
22. a4 b4 23. Ndc4 a5 24. Ng4 Qg6 25. Ncxe5 Bxe5 26. Nxe5 Qf6 27. Nd7 Qd6 28.
Nxc5 Rab8 29. Bb5 Red8 30. Nxb7 Rxb7 31. Qb2+ f6 32. Rc4 h5 33. Kg2 h4 34. Rac1
hxg3 35. hxg3 Rh8 36. Rh1 Rxh1 37. Kxh1 Kg6 38. Qc2 Qe5 39. Kg2 Kg7 40. Qd2 Qd6
41. Qd4 Rb8 42. Rc1 Rh8 43. Rh1 Rc8 44. Bc4 Ng6 45. Qa7+ Rc7 46. Qxa5 Qe5 47.
Re1 g4 48. Qxb4 Qd4 49. Qb8 Re7 50. d6 Rxe4 51. Qg8+ Kh6 52. Rh1+ Kg5 53. Bf7
1-0

[Event "4NCL 3 North pool B"]
[Site "Wakefield, ENG ENG"]
[Date "2015.11.15"]
[Round "2.125"]
[White "Berry, Neil"]
[Black "Bramson, Mike"]
[Result "1/2-1/2"]
[WhiteElo "2370"]
[BlackElo "1860"]
[PlyCount "76"]
[EventDate "2015.11.15"]
[WhiteTeam "Alba"]
[BlackTeam "Bradford DCA Knights C"]

1. d4 d5 2. c4 c6 3. Nf3 e6 4. Nc3 dxc4 5. a4 Bb4 6. e3 b5 7. Bd2 a5 8. axb5
Bxc3 9. Bxc3 cxb5 10. b3 Bb7 11. bxc4 b4 12. Bb2 Nf6 13. c5 O-O 14. Bb5 Bc6 15.
Ba4 Qc7 16. O-O Nbd7 17. Nd2 Rfd8 18. Qe2 Re8 19. Nc4 Bxa4 20. Rxa4 e5 21. Qf3
Ra6 22. Rfa1 exd4 23. exd4 Ne4 24. Ne5 Ng5 25. Qf5 Nxe5 26. dxe5 Ne6 27. Rxb4
axb4 28. Rxa6 Qxc5 29. Qe4 h6 30. h4 Rd8 31. Ra8 Qe7 32. h5 Ng5 33. Rxd8+ Qxd8
34. Qxb4 Qd1+ 35. Kh2 Qxh5+ 36. Kg1 Qd1+ 37. Kh2 Qh5+ 38. Kg1 Qd1+ 1/2-1/2

[Event "4NCL 3 North pool B"]
[Site "Wakefield, ENG ENG"]
[Date "2015.11.15"]
[Round "2.126"]
[White "Patrick, David A"]
[Black "Sreeves, Clement"]
[Result "0-1"]
[WhiteElo "1860"]
[BlackElo "2352"]
[PlyCount "106"]
[EventDate "2015.11.15"]
[WhiteTeam "Bradford DCA Knights C"]
[BlackTeam "Alba"]

1. e4 c6 2. d4 Na6 3. Nf3 Nc7 4. Bd3 g6 5. O-O d5 6. exd5 Nxd5 7. c3 Bg7 8. Re1
Ngf6 9. Na3 O-O 10. Bg5 Be6 11. Qd2 Qc7 12. c4 Nb6 13. Bh6 Bg4 14. Bxg7 Kxg7
15. Ne5 Rad8 16. Nc2 Rfe8 17. h3 Bc8 18. Qa5 a6 19. Re3 Nbd5 20. Qxc7 Nxc7 21.
Be2 Bf5 22. Bd3 Bc8 23. Be2 Nd7 24. Nxd7 Bxd7 25. Rb3 Bc8 26. Rd1 e5 27. dxe5
Rxd1+ 28. Bxd1 Rxe5 29. Re3 Kf6 30. Kf1 Rxe3 31. Nxe3 Ke5 32. Be2 f5 33. Ke1 f4
34. Ng4+ Bxg4 35. Bxg4 Kd4 36. Kd2 Kxc4 37. g3 fxg3 38. fxg3 Kd4 39. h4 h6 40.
Bc8 b6 41. b4 Kc4 42. Bb7 Kxb4 43. Bxc6 Ka3 44. Be4 g5 45. hxg5 hxg5 46. Bd3
Kxa2 47. Ke3 Kb2 48. Kf3 a5 49. Kg4 a4 50. Bc4 b5 51. Bf7 a3 52. Kxg5 a2 53.
Bxa2 Kxa2 0-1

[Event "4NCL 3 North pool B"]
[Site "Wakefield, ENG ENG"]
[Date "2015.11.15"]
[Round "2.127"]
[White "Findlay David John"]
[Black "Johnson, Paul A"]
[Result "1-0"]
[WhiteElo "2186"]
[BlackElo "1878"]
[PlyCount "128"]
[EventDate "2015.11.15"]
[WhiteTeam "Alba"]
[BlackTeam "Bradford DCA Knights C"]

1. e4 e5 2. Nc3 Nf6 3. g3 Nc6 4. Bg2 Bc5 5. Nge2 d6 6. O-O O-O 7. Na4 Bb6 8.
Nxb6 axb6 9. f4 Qe7 10. d3 h6 11. h3 Bd7 12. Be3 Rfe8 13. Bf2 Kh7 14. Qd2 Rh8
15. a3 Kg8 16. Rae1 Nh7 17. Nc3 Qd8 18. Nd5 f6 19. c3 Be8 20. d4 Bf7 21. Kh2
Qd7 22. Bf3 Re8 23. Bg4 Qd8 24. Bf3 Nf8 25. Rd1 h5 26. dxe5 fxe5 27. f5 Nh7 28.
Be3 Ne7 29. Nb4 Nf6 30. Bg5 Bc4 31. Be2 b5 32. Bxc4+ bxc4 33. Qe2 b5 34. a4 Qb8
35. Bxf6 gxf6 36. Na6 Qb7 37. axb5 Kg7 38. Qxc4 Rc8 39. Nb4 Rb8 40. Nd5 Nxd5
41. Rxd5 Ra8 42. Rg1 Rh7 43. Rd2 Re8 44. b4 Kh8 45. Ra2 Rg7 46. Qc6 Qxc6 47.
bxc6 Rb8 48. Rb1 Rbg8 49. Rg2 Ra8 50. Rbb2 Ra3 51. Rgc2 Rg8 52. Ra2 Rb3 53. Ra7
Rg7 54. Rb7 Rb1 55. b5 Rb3 56. b6 Rxb6 57. Rxb6 cxb6 58. Rb2 Kh7 59. Rxb6 Kh6
60. Rb7 Rg8 61. Rd7 Ra8 62. Rxd6 Kg7 63. c7 Rc8 64. Rd7+ Kf8 1-0

[Event "4NCL 3 North pool B"]
[Site "Wakefield, ENG ENG"]
[Date "2015.11.15"]
[Round "2.128"]
[White "Procter, Colin S"]
[Black "Green, Andrew D"]
[Result "0-1"]
[WhiteElo "1825"]
[BlackElo "2165"]
[PlyCount "78"]
[EventDate "2015.11.15"]
[WhiteTeam "Bradford DCA Knights C"]
[BlackTeam "Alba"]

1. Nf3 Nf6 2. g3 g6 3. c4 b6 4. Bg2 Bb7 5. O-O Bg7 6. Nc3 O-O 7. d4 Ne4 8. Nxe4
Bxe4 9. b3 c5 10. Bb2 Nc6 11. Qd2 Bxf3 12. Bxf3 Bxd4 13. Bxc6 dxc6 14. Rad1
Bxb2 15. Qxb2 Qc7 16. Rd2 Rfd8 17. Rfd1 f6 18. Qc3 Kg7 19. e4 e5 20. Rd3 Rd4
21. Rxd4 cxd4 22. Qd3 Qd6 23. a4 Rd8 24. Kg2 Rd7 25. h4 h5 26. Rd2 a6 27. c5
Qxc5 28. Qxa6 Qb4 29. Rd3 Qe1 30. f3 Qe2+ 31. Kh3 Rf7 32. Qc4 Qf1+ 33. Kh2 f5
34. exf5 Rxf5 35. f4 Qe2+ 36. Kg1 c5 37. Qe6 Qxd3 38. Qe7+ Rf7 39. Qxe5+ Kh7
0-1

[Event "4NCL 3 North pool B"]
[Site "Wakefield, ENG ENG"]
[Date "2015.11.15"]
[Round "2.129"]
[White "Bamber, Elaine"]
[Black "Braham, Peter"]
[Result "1-0"]
[WhiteElo "2062"]
[BlackElo "1847"]
[PlyCount "85"]
[EventDate "2015.11.15"]
[WhiteTeam "Alba"]
[BlackTeam "Bradford DCA Knights C"]

1. e4 c5 2. Nc3 g6 3. f4 Bg7 4. Nf3 Nc6 5. Bb5 Nd4 6. O-O a6 7. Be2 e6 8. d3
Nxe2+ 9. Qxe2 Ne7 10. Qf2 d6 11. e5 f5 12. Be3 Nd5 13. Nxd5 exd5 14. exd6 d4
15. Bd2 O-O 16. Ne5 Qxd6 17. Rae1 Be6 18. h4 Bf7 19. h5 Rae8 20. hxg6 hxg6 21.
Qg3 Re6 22. Kf2 Rfe8 23. Qh2 Kf8 24. a3 Bg8 25. Qg3 Bf7 26. Qf3 Qc7 27. Kg1 Bf6
28. Qg3 Kg7 29. Re2 Rh8 30. Qf3 Qc8 31. Nxf7 Kxf7 32. Rxe6 Kxe6 33. Re1+ Kd6
34. Qe2 Rh7 35. Qe8 Qxe8 36. Rxe8 Kd7 37. Rb8 Kc7 38. Rf8 Be7 39. Rg8 g5 40.
fxg5 Bd6 41. g6 Re7 42. g7 Kb6 43. Rd8 1-0

[Event "4NCL 3 North pool B"]
[Site "Crewe, ENG ENG"]
[Date "2016.01.17"]
[Round "4.95"]
[White "Jaunooby, Ali R"]
[Black "Bak, Christopher"]
[Result "1-0"]
[WhiteElo "2215"]
[BlackElo "1975"]
[PlyCount "79"]
[EventDate "2016.01.17"]
[WhiteTeam "Manchester Manticores 1"]
[BlackTeam "Bradford DCA Knights B"]

1. d4 d5 2. Bf4 Nf6 3. e3 c5 4. c3 Nc6 5. Nf3 Qb6 6. Na3 Qxb2 7. Nb5 Bf5 8. Be2
Rc8 9. O-O c4 10. Nc7+ Kd8 11. Nh4 Bd7 12. Rb1 Qxc3 13. Rxb7 e6 14. Nf3 Ne4 15.
Ng5 Nxg5 16. Bxg5+ f6 17. Bf4 g5 18. Bg3 Ne7 19. Qb1 Qa5 20. Nb5 Bxb5 21. Rxb5
Qa6 22. Rb8 Nf5 23. Rxc8+ Qxc8 24. Bb8 Bd6 25. Bxa7 Ke7 26. g4 Nh4 27. f4 h6
28. Bc5 Rd8 29. Qh7+ Ke8 30. fxg5 Bxc5 31. Rxf6 Be7 32. Qf7+ Kd7 33. Qxe6+ Ke8
34. Qf7+ Kd7 35. Qxd5+ Ke8 36. Qf7+ Kd7 37. Bxc4 Qb8 38. Qe6+ Ke8 39. Rf8+ Kxf8
40. Qg8# 1-0

[Event "4NCL 3 North pool B"]
[Site "Crewe, ENG ENG"]
[Date "2016.01.17"]
[Round "4.96"]
[White "Nicholson, Jim W R"]
[Black "Lentzos, Ioanis"]
[Result "1/2-1/2"]
[WhiteElo "2008"]
[BlackElo "2095"]
[PlyCount "46"]
[EventDate "2016.01.17"]
[WhiteTeam "Bradford DCA Knights B"]
[BlackTeam "Manchester Manticores 1"]

1. d4 d5 2. Nf3 Nf6 3. e3 Bf5 4. c4 c6 5. Nc3 e6 6. Nh4 Bg6 7. Nxg6 hxg6 8. Bd2
Nbd7 9. Rc1 Bd6 10. g3 Rc8 11. c5 Be7 12. f4 Ne4 13. Bg2 Nxc3 14. Rxc3 b6 15.
b4 a5 16. a3 b5 17. Rc1 a4 18. Qc2 f5 19. g4 Nf6 20. g5 Ne4 21. Bxe4 dxe4 22.
Qa2 Kf7 23. h4 Rh5 1/2-1/2